| 000 | 00540nam a22002057a 4500 | ||
|---|---|---|---|
| 003 | OSt | ||
| 005 | 20140310183112.0 | ||
| 008 | 130323t xxu||||| |||| 00| 0 eng d | ||
| 020 | _a9719268888 | ||
| 050 |
_a HB 3649 _b.An871 2009 |
||
| 082 |
_aFIL 363.9609599 _bAn410 2009 |
||
| 245 |
_aOverpopulated Philippines _cAng, Armando |
||
| 260 |
_a[Manila] : _b A. Ang, _cc2009. |
||
| 300 |
_axv, 383 p. ; _c23 cm. |
||
| 521 | _aCollege Students | ||
| 526 | _c1210L-1700L | ||
| 541 | _j1 | ||
| 562 | _e1 | ||
| 942 |
_2lcc _cBK _kFIL |
||
| 999 |
_c18859 _d18859 |
||